000 00953nam a2200265 a 4500
001 000023664
005 20200930022400.0
008 101217s1993 sp 000 0 spa d
020 _a8478201831
020 _a847820184x (v. 1)
020 _a8478201858 (v. 2)
020 _a8478201866 (v. 3)
020 _a8478201874 (v. 4)
040 _aDO-SdBNP
_bspa
_cBNPHU
082 _ann*
_bnn*
245 0 0 _aSeñorío y feudalismo en la península ibérica (ss. xii-xix) /
_cEdición Esteban Sarasa Sánchez y Eliseo Serrano Martín.
260 _aZaragoza :
_bInstitución "Fernando el Católico",
_c1993.
300 _av. ;
_c24 cm.
500 _a"1943-1993, 50 aniversario".
505 0 _aIncluye notas y referencias bibliográficas al pie de las páginas.
500 _aLa biblioteca sólo posee los volumenes 1, 2, 3 y 4.
700 1 _aSarasa Sánchez, Esteban,
_eed.
_918580
700 1 _aSerrano Martín, Eliseo,
_eed.
_918929
049 _aBNGR
999 _c23160
_d23160